00334nam a2200133Ia 4500008004100000041000800041082002500049100001600074245004200090260002800132300000800160365001600168710001600184230312s9999 xx 000 0 und d aeng a005.114b005.114 TUR aTurley J.L. aAdvanced 80386 Programming Techniques c2008bTata Mc-Graw Hill a360 cRs.b375.00 aTurley J.L.